Score 0/20 Timer 05:00
2 Plays Today
% Correct
Johnny Depp
98.2%
George Clooney
95.1%
Bill Clinton
89.9%
Mike Tyson
88.1%
Kermit the Frog
87.6%
Dwayne Johnson
84.8%
Will Ferrell
82.7%
Chris Rock
82.2%
Nicole Kidman
82.2%
Paul McCartney
76.7%
% Correct
Neil Patrick Harris
76.3%
Ralph Fiennes
67.5%
Zach Braff
58.1%
Joseph Gordon-Levitt
58%
Ringo Starr
57.9%
Michael Cera
55.7%
Kelly Clarkson
50%
Willem Dafoe
47.4%
Justin Bieber
36.5%
Paul Giamatti
29%
Remove Ads.
Support Sporcle.
Get the best of Sporcle when you Go Orange. This ad-free experience offers more features, more stats, and more fun while also helping to support Sporcle. Thank you for becoming a member.

You're not logged in!

Compare scores with friends on all Sporcle quizzes.
OR
Log In

Show Comments

Extras

Top Quizzes Today


Score Distribution

Your Account Isn't Verified!

In order to create a playlist on Sporcle, you need to verify the email address you used during registration. Go to your Sporcle Settings to finish the process.

Report this User

Report this user for behavior that violates our Community Guidelines.

Details: